| 000 | 00845nam a22002417a 4500 | ||
|---|---|---|---|
| 003 | UA-OsUOA | ||
| 001 | 40070 | ||
| 007 | ta | ||
| 008 | 20060711b un ||||| |||| 00| 0 ukr d | ||
| 090 |
_a79 _bТ33 |
||
| 942 | _cMG | ||
| 040 |
_aUA-OsUOA _bukr _cUA-OsUOA _dUA-OsUOA |
||
| 245 |
_aТеорія і методика фізичного виховання і спорту _bВидання Національного університету фізичного виховання і спорту України _cГол. ред. Шкребтій Ю.М. |
||
| 300 | _a81 с. | ||
| 955 | _a2 | ||
| 041 | _aukr | ||
| 080 | _a79 | ||
| 260 | _aК. | ||
| 246 | 3 | 1 |
_aНауково-теоретичний журнал _n |
| 044 | _aUA | ||
| 962 | _a1999 | ||
| 650 | 7 |
_a79 Видовищні мистецтва. Розваги. Ігри. Спорт _2UDC |
|
| 999 |
_c326210 _d326210 |
||